| 000 | 00460nam a2200181Ia 4500 | ||
|---|---|---|---|
| 005 | 20250508150357.0 | ||
| 008 | 008 250505s9999 xx 000 0 eng d | ||
| 037 | _aBooks to be hide in OPAC | ||
| 040 |
_aFEDL _beng _cFEDL |
||
| 041 |
_aeng _2eng |
||
| 084 | _qFEDL | ||
| 245 | 0 | _aVan nostrand's scientific encyclopedia | |
| 250 | _a2nd | ||
| 260 |
_aNew York, USA _bDana Press _c1947 |
||
| 300 | _a1600p. | ||
| 942 | _cHB | ||
| 999 |
_c1323291 _d1323291 |
||